| 000 | 00511nam a22001697a 4500 | ||
|---|---|---|---|
| 005 | 20250416171727.0 | ||
| 008 | 250405b |||||||| |||| 00| 0 eng d | ||
| 020 | _a9781637424308 | ||
| 041 | _aeng | ||
| 082 | _a658.812 SRI | ||
| 100 | _aSrivastava, Ritu | ||
| 245 | _aMarketing of Consumer Financial Products: Insights From Service Marketing | ||
| 260 |
_aNew York _bBusiness Expert Press _c2023 |
||
| 300 | _a131; . pages 23 cm | ||
| 650 | _aCustomer Relation Management; Business Strategy | ||
| 942 | _cBK | ||
| 999 |
_c43581 _d43581 |
||